KEY TO INSOLVENCY AND BANKRUPTCY CODE: PRACTICE AND PROCEDURES (Record no. 8812)

MARC details
000 -LEADER
fixed length control field 00458nam a22001697a 4500
005 - DATE AND TIME OF LATEST TRANSACTION
control field 20250911114922.0
008 - FIXED-LENGTH DATA ELEMENTS--GENERAL INFORMATION
fixed length control field 250910b |||||||| |||| 00| 0 eng d
020 ## - INTERNATIONAL STANDARD BOOK NUMBER
ISBN 978-93-91211-35-6
041 ## - LANGUAGE CODE
Language code of text/sound track or separate title eng
082 ## - DEWEY DECIMAL CLASSIFICATION NUMBER
Classification number 346.078 KUM-K
100 ## - MAIN ENTRY--AUTHOR NAME
Personal name KUMAR, NARENDER
245 ## - TITLE STATEMENT
Title KEY TO INSOLVENCY AND BANKRUPTCY CODE: PRACTICE AND PROCEDURES
260 ## - PUBLICATION, DISTRIBUTION, ETC. (IMPRINT)
Place of publication GURGAON
Name of publisher LEXIS NEXIS
Year of publication 2022
300 ## - PHYSICAL DESCRIPTION
Number of Pages 372;P
650 ## - SUBJECT ADDED ENTRY--TOPICAL TERM
Topical Term LEGAL STUDIES
942 ## - ADDED ENTRY ELEMENTS (KOHA)
Koha item type Books
Holdings
Lost status Damaged status Collection code Home library Current library Shelving location Date acquired Source of acquisition Cost, normal purchase price Full call number Accession Number Koha item type
    LAW JRU Library JRU Library Reference Section 10/09/2025 PURCHASE 825.00 346.078 28835 Books